00601nam a2200169 a 450000100100000000500170001000800410002704000250006808200150009310000280010824500920013625000110022826000530023930000350029249000510032783000530037800003625720200930075631.0120111s1978 mx ab 000 0 spa d aDO-SdBNPbspacBNPHU axxxbG654h1 aGoodrich, L. Carrington10aHistoria del pueblo chino :bdesde los orígenes hasta 1967 /cL. Carrington Goodrich. a2a ed. aMéxico :bFondo de Cultura Económica,c1978. a336 p. :bil., mapas ;c17 cm.1 aBrevarios del Fondo de Cultura Económicav30 0aBrevarios del Fondo de Cultura Económica ;v30